Instrumentation for engineering measurements
Saved in:
| Main Authors: | , , |
|---|---|
| Format: | Bog |
| Sprog: | engelsk |
| Udgivet: |
Nueva York
John Wiley
1984
|
| Fag: | |
| Tags: |
Tilføj Tag
Ingen Tags, Vær først til at tagge denne postø!
|
MARC
| LEADER | 00000nam a2200000 a 4500 | ||
|---|---|---|---|
| 001 | UCV6308 | ||
| 003 | CL-VaPUC | ||
| 008 | 910114e19840000US |||||||||||||||||eng|d | ||
| 020 | |a 0471045489 | ||
| 082 | 0 | 4 | |a 681.2 |b DAL |2 21 |
| 100 | 0 | |a Dally, James W |e author |9 300529 | |
| 700 | 0 | |a Riley, William F |e author |9 300530 | |
| 700 | 0 | |a McConnell, Kenneth G |e author |9 300531 | |
| 245 | 1 | 0 | |a Instrumentation for engineering measurements |
| 300 | |a 576 p | ||
| 942 | |c BK | ||
| 945 | |d 19910114 00:00:00 | ||
| 260 | |a Nueva York |b John Wiley |c 1984 | ||
| 650 | 0 | |a Ingeniería |9 259380 | |
| 650 | 0 | |a Aparatos e instrumentos |9 259352 | |
| 583 | |a last modification |c 19910114 00:00:00 |k Rodrigo Vera | ||
| 999 | |c 212455 |d 212453 | ||
| 952 | |0 0 |1 0 |4 0 |6 681_200000000000000_DAL_1984 |7 0 |8 A |9 193455 |a BIBING |b BIBING |d 2019-11-14 |i 4039688 |o 681.2 DAL 1984 |p 4039688 |r 2025-01-20 |w 2019-11-14 |y BK |k EIE | ||